ՀՀ Գիտությունների ազգային ակադեմիայի հիմնարար գիտական գրադարան  =   Fundamental Scientific Library of NAS RA

Ժամանակակից ռուսական արձակ ։ (Record no. 532425)

MARC details
000 -LEADER
fixed length control field 01420nam a2200289 a 4500
001 - CONTROL NUMBER
control field 1950407
003 - CONTROL NUMBER IDENTIFIER
control field AM-YEHGA
005 - DATE AND TIME OF LATEST TRANSACTION
control field 20250617164946.0
008 - FIXED-LENGTH DATA ELEMENTS--GENERAL INFORMATION
fixed length control field 240426s2022 ai |||||||||||||||||arm|d
020 ## - INTERNATIONAL STANDARD BOOK NUMBER
International Standard Book Number 9785942829575
040 ## - CATALOGING SOURCE
Original cataloging agency AM-YeHGA
041 1# - LANGUAGE CODE
Language code of text/sound track or separate title arm
Language code of original rus
041 0# - LANGUAGE CODE
Language code of text/sound track or separate title rus
090 ## - LOCALLY ASSIGNED LC-TYPE CALL NUMBER (OCLC); LOCAL CALL NUMBER (RLIN)
-- 571333
245 00 - TITLE STATEMENT
Title Ժամանակակից ռուսական արձակ ։
Remainder of title Անթոլոգիա /
Statement of responsibility, etc. Կազմող՝ Ս. Շարգունով.
246 15 - VARYING FORM OF TITLE
Title proper/short title Современная русская проза ։
Remainder of title Антология
260 ## - PUBLICATION, DISTRIBUTION, ETC.
Place of publication, distribution, etc. Երևան ;
Name of publisher, distributor, etc. Առանց հրատարակչության :
Place of publication, distribution, etc. Москва :
Name of publisher, distributor, etc. ОГИ,
Date of publication, distribution, etc. 2022.
300 ## - PHYSICAL DESCRIPTION
Extent 957 էջ ;
Dimensions 24 սմ.
490 0# - SERIES STATEMENT
Series statement ԱՊՀ երկրների ժամանակակից գրականություն
500 ## - GENERAL NOTE
General note Հրատարակվել է ՌԴ կապի, մասսայական հաղորդակցության և թվային զարգացման նախարարության ֆինանսական աջակցությամբ։
500 ## - GENERAL NOTE
General note ԱՊՀ երկրների ժամանակակից գրականություն։ Նախագծի ղեկավար՝ Վլադիմիր Գրիգորև։
500 ## - GENERAL NOTE
General note Թարգմանություններ ռուսերենից։
546 ## - LANGUAGE NOTE
Language note Բնագիրը զուգահեռ՝ հայերեն և ռուսերեն։
650 14 - SUBJECT ADDED ENTRY--TOPICAL TERM
Topical term or geographic name entry element Ռուս արձակ
700 1# - ADDED ENTRY--PERSONAL NAME
Personal name Շարգունով, Սերգեյ
Relator term կազմող
Relationship com
942 ## - ADDED ENTRY ELEMENTS (KOHA)
Source of classification or shelving scheme Other/Generic Classification Scheme
Koha item type Գրքեր / Books
Holdings
Withdrawn status Lost status Source of classification or shelving scheme Damaged status Not for loan Collection Home library Current library Date acquired Total checkouts Full call number Barcode Date last seen Price effective from Koha item type Public note
    Universal Decimal Classification     General Fundamental Scientific Library Fundamental Scientific Library 10/12/2024   AII/112673 FL0687401 10/12/2024 10/12/2024 Գրքեր / Books 30 Days Loan
    Universal Decimal Classification     General Fundamental Scientific Library Fundamental Scientific Library 12/12/2024   AII/112674 FL0687431 12/12/2024 12/12/2024 Գրքեր / Books 30 Days Loan


ՀՀ ԳԱԱ հիմնարար գիտական գրադարան
ՀՀ,Երևան 0019
Մարշալ Բաղրամյան 24/6
հեռախոս:(374-10) 52-47-50
Հետադարձ կապ

All site content, except where otherwise noted, is licensed under a
Creative Commons License